000 00255 a2200121 4500
001 64344
082 _a530 SHE
090 _c37979
_d37979
100 _aShepherd Michael
245 _aPhysics GCSE
260 _aLondon
_bCharles
_c1987
300 _a201 p.
942 _aNUST-CAE
_k530 SHE
999 _c299417
_d299417